|
|
|
|
| LEADER |
01224ncm a2200301 a 4500 |
| 001 |
000368604 |
| 003 |
CZ BrMZK |
| 005 |
20101125131513.0 |
| 008 |
010907s1998 xr f cze d |
| 015 |
|
|
|a cnb000926946
|
| 024 |
2 |
|
|a M260001763
|
| 028 |
0 |
3 |
|b Editio Praga
|
| 040 |
|
|
|a BOA001
|b cze
|
| 080 |
|
|
|a 788.085
|2 MRF
|
| 100 |
1 |
|
|a Doško, Ada,
|d 1937-1999
|7 xx0006100
|4 cmp
|
| 245 |
1 |
0 |
|a Krumlovskej rynk /
|c [hudba] Ada Doško, [text] Vladimír Sýkora, [německý text Martin Trenk]. Lesu zdar
|h [hudebnina] / [hudba] Ada Doško, [text] Jan Navara.
|
| 260 |
|
|
|a Praha :
|b Editio Praga,
|c c1998
|
| 300 |
|
|
|a 1 řídící hlas ;
|c 22 x 15 cm +
|e 17 hlasů.
|
| 490 |
1 |
|
|a Česká dechová 14 ;
|v No. D 114
|
| 653 |
0 |
|
|a dechový orchestr
|a orchestrální polky
|a orchestrální valčíky
|a písně s dechovým orchestrem
|
| 700 |
1 |
|
|a Navara, Jan,
|d 1937-
|7 mzk2010612647
|4 lyr
|
| 700 |
1 |
|
|a Sýkora, Vladimír,
|d 1930-
|7 mzk2007382154
|4 lyr
|
| 700 |
1 |
|
|a Langer, Adolf,
|d 1910-1986
|7 jk01071514
|4 lyr
|
| 830 |
|
0 |
|a Česká dechová 14
|
| 910 |
|
|
|a BOA001
|b Mus2-1065.226
|
| 964 |
|
|
|a Orchestr dechový
|x HUD
|
| 990 |
|
|
|a MU
|
| 996 |
6 |
|
|b 2610104140
|c Mus2-1065.226
|l MZK
|r Sklad / do 1 hodiny
|n 1
|p p.v.
|w 000368604
|u 000010
|a 1
|e BOA001
|j MZK50
|s P
|